| 000 | 00595nam a2200229Ia 4500 | ||
|---|---|---|---|
| 008 | 160803s9999 xx 000 0 und d | ||
| 020 | _a9780590462228 | ||
| 100 | _aPeterson, John | ||
| 245 | 4 | _aThe Littles take a trip / | |
| 245 | _cby John Peterson ; pictures by Roberta Carter Clark. | ||
| 260 | _aNew York : | ||
| 260 | _bScholastic Inc. | ||
| 260 | _c1968 | ||
| 300 | _a95 pages : | ||
| 300 | _billustrations ; | ||
| 300 | _c20 cm. | ||
| 650 | _aFamily -- | ||
| 650 | _aThe Little Family -- | ||
| 650 | _x Fictitious Characters. | ||
| 650 | _xFiction. | ||
| 700 | _a520 | ||
| 999 |
_c298551 _d298551 |
||